|
|
|
|
| LEADER |
00745cam a2200169 7i4500 |
| 001 |
0000135757 |
| 005 |
20080302090000.0 |
| 002 |
0000000821 |
| 090 |
0 |
0 |
|a LP 22 FSGT 1 1998
|
| 100 |
0 |
# |
|a Moses Philippinus @ Moses Philip
|
| 235 |
0 |
0 |
|a Penyesuaian dan tumbesaran ikan baung Mystus nemurus (C. & V.) dalam air payau
|c Moses Philippinus @ Moses Philip.
|
| 245 |
0 |
0 |
|a Laporan Projek FSGT(Ijazah Bacelor Sains Perikanan)1998.
|
| 260 |
# |
# |
|a Terengganu:
|b Universiti Putra Malaysia Terengganu,
|c 1998.
|
| 300 |
|
|
|a xiii, 86 p.:
|b ill.;
|c 30 cm..
|
| 502 |
# |
# |
|a kajian ini dilakukan untuk menentukan penyesuaian ikan tersebut terhadap tahap saliniti yang berbeza...[et al.]
|
| 602 |
# |
# |
|a Laporan Projek FSGT 1998
|
| 999 |
|
|
|a 1100024075
|b Book
|c Koleksi Arkib
|e BILIK ARKIB
|